[Event "Keres Mem B"]
[Site "Tallinn EST"]
[Date "2007.01.07"]
[Round "2"]
[White "Kanep,M"]
[Black "Seeman,T"]
[Result "1/2-1/2"]
[WhiteElo "2504"]
[BlackElo "2425"]

1.d4 Nf6 2.Bg5 Ne4 3.Bf4 d6 4.Nd2 Nf6 5.e4 g6 6.Bc4 Bg7 7.Ngf3 O-O 8.Qe2 Nc6
9.O-O-O Qe8 10.e5 Nh5 11.Bg5 h6 12.Be3 Kh7 13.Kb1 f6 14.exd6 exd6 15.h3 f5
16.g4 Nf6 17.gxf5 Bxf5 18.Nh4 d5 19.Nxf5 gxf5 20.Bd3 Qh5 21.Qxh5 Nxh5 22.c3 Ne7
23.Nf3 Ng6 24.Bc2 Rae8 25.Rhg1 c6 26.Rde1 Re6 27.Bd2 Re4 28.Be3 Re6 29.a4 a5
30.Bc1 Re4 31.Be3 Re6 32.Nh2 Rf7 33.Nf1 Nh4 34.Nd2 Kh8 35.f3 Ng6 36.Bf2 Rxe1+
37.Rxe1 Ngf4 38.h4 Nh3 39.Re8+ Bf8 40.Be1 Kg7 41.Kc1 Bd6 42.Kd1  1/2-1/2

[Event "Petrovskaya Ladya IM"]
[Site "Peterhof RUS"]
[Date "2007.01.08"]
[Round "7"]
[White "Romcovici,V"]
[Black "Khamidulin,V"]
[Result "1-0"]
[WhiteElo "2288"]
[BlackElo "2220"]

1.d4 Nf6 2.Bg5 Ne4 3.Bf4 d6 4.f3 Nf6 5.e4 Nbd7 6.c3 e5 7.Be3 Be7 8.Ne2 O-O
9.d5 Nh5 10.g3 Bg5 11.Bf2 g6 12.h4 Bh6 13.g4 Nf4 14.g5 Bg7 15.Qc2 f6 16.Rg1 Rf7
17.Nd2 c6 18.dxc6 Nb6 19.Nxf4 exf4 20.Qb3 bxc6 21.Bxb6 axb6 22.Bc4 d5 23.exd5 b5
24.Be2 cxd5 25.O-O-O fxg5 26.Ne4 Bb7 27.Nxg5 Re7 28.Bxb5 Qb6 29.Rge1 Rxe1
30.Rxe1 Qf2 31.Rd1 Rd8 32.Bc4 Qe3+ 33.Kb1 Qe7 34.Bxd5+ Bxd5 35.Rxd5 Rxd5
36.Qxd5+ Kf8 37.Qa8+ Qe8 38.Ne6+ Kf7 39.Qxe8+ Kxe8 40.Nxg7+ Kf7 41.Nh5  1-0

[Event "Keres Mem WGM"]
[Site "Tallinn EST"]
[Date "2007.01.09"]
[Round "5"]
[White "Gansvind,V"]
[Black "Zjukin,S"]
[Result "1/2-1/2"]
[WhiteElo "2252"]
[BlackElo "2357"]

1.d4 Nf6 2.Bg5 Ne4 3.h4 c5 4.dxc5 Qa5+ 5.Nd2 Nxg5 6.hxg5 Qxc5 7.Ngf3 g6 8.Rh4 Nc6
9.c3 d6 10.e3 Bg7 11.Bc4 O-O  1/2-1/2

[Event "Keres Mem A"]
[Site "Tallinn EST"]
[Date "2007.01.11"]
[Round "8"]
[White "Volodin,Alek"]
[Black "Onischuk,V"]
[Result "1/2-1/2"]
[WhiteElo "2354"]
[BlackElo "2469"]

1.d4 Nf6 2.Bg5 Ne4 3.Bf4 c5 4.f3 Qa5+ 5.c3 Nf6 6.Nd2 cxd4 7.Nb3 Qb6 8.Qxd4 Nc6
9.Qxb6 axb6 10.e4 d5 11.Be3 dxe4 12.Bxb6 Nd5 13.Bc5 exf3 14.Nxf3 e5 15.Bxf8 Rxf8
16.Bb5 f6 17.O-O Nc7 18.a4 Ke7 19.Nc5 Na7 20.Bd3 b6 21.Nb3 Ba6 22.c4 Rfd8
23.Bxh7 Ne6 24.Nbd2 Ng5 25.Bf5 Nc6 26.b3 Bb7 27.Nxg5 Rxd2 28.Nf3 Rb2 29.Rab1 Rxb1
30.Rxb1 Nb4 31.Rd1 Bc8 32.Be4 Ra7 33.Nh4 g5 34.Ng6+ Kf7 35.Rd6 Na2 36.h4 Nc3
37.Bc2 Ne2+ 38.Kf2 Nd4 39.hxg5 Nxc2 40.Rxf6+ Kg7 41.Nxe5 Re7 42.Rg6+ Kh7
43.Rh6+ Kg7 44.Rg6+ Kh7 45.Rh6+ Kg7 46.Nf3 Re6 47.Rxe6 Bxe6 48.Ke2  1/2-1/2

[Event "zt 3.3"]
[Site "Phu Quoc VIE"]
[Date "2007.01.12"]
[Round "2"]
[White "Le Quang Liem"]
[Black "Barbosa,O PHI"]
[Result "1-0"]
[WhiteElo "2500"]
[BlackElo "2413"]

1.d4 Nf6 2.Bg5 Ne4 3.Bf4 c5 4.f3 Nf6 5.dxc5 Qa5+ 6.Qd2 Qxc5 7.Nc3 d6 8.e4 a6
9.g4 h6 10.Be3 Qc7 11.Nge2 e6 12.a4 Nc6 13.Nd4 Be7 14.Be2 Nxd4 15.Bxd4 e5
16.Be3 Be6 17.a5 Rc8 18.O-O O-O 19.Bb6 Qc6 20.Rfd1 Nd7 21.Be3 Qc7 22.Rdc1 Nf6
23.Bb6 Qc6 24.Rd1 Nd7 25.Be3 Qc7 26.Kg2 Rfe8 27.h3 Nf6 28.Bb6 Qc6 29.Rac1 Nd7
30.Be3 Qc7 31.Na4 Bg5 32.Bxg5 hxg5 33.b4 Qc6 34.Nb2 Nf8 35.Qxd6 Qc3 36.Na4 Qa3
37.Ra1 Qe3 38.Qd2 Qxd2 39.Rxd2 f6 40.Rad1 Rc7 41.Nc5 Kf7 42.Rd6 Ke7 43.c4 Bc8
44.Kg3 Be6 45.Bf1 Bc8 46.Na4 Be6 47.c5 Ng6 48.c6 Rxc6 49.Rxc6 bxc6 50.Nc5 Rb8
51.Nxa6 Rb7 52.Kf2 Nf4 53.Rb1 Bc8 54.Nc5 Rb8 55.Bc4 Nxh3+ 56.Ke3 Nf4 57.Kd2 Ra8
58.Kc3 Ng6 59.Rd1 Nh4 60.Be2 Ng6 61.Kb3 Nf8 62.Bc4 g6 63.a6 f5 64.Ka4 fxg4
65.fxg4 Bxg4 66.Rf1 Nd7 67.Rf7+ Kd6 68.Nxd7 Bxd7 69.Ka5 g4 70.Rg7 g5 71.Rxg5 Kc7
72.Rg7 Kd6 73.Be2 Rh8 74.a7 g3 75.Kb6  1-0

[Event "4NCL 2006-07"]
[Site "Coventry ENG"]
[Date "2007.01.14"]
[Round "6"]
[White "Walton,A"]
[Black "Buckley,G"]
[Result "0-1"]
[WhiteElo "2235"]
[BlackElo "2384"]

1.d4 Nf6 2.Bg5 Ne4 3.Bf4 c5 4.f3 Qa5+ 5.c3 Nf6 6.d5 Qb6 7.e4 Qxb2 8.Nd2 Qxc3
9.Bc7 e6 10.Ne2 Qa3 11.Rc1 exd5 12.Rc3 Qa6 13.Re3 Be7 14.Nc3 Qe6 15.Bf4 d4
16.Nb5 O-O 17.Bc4 Qc6 18.Rb3 d6 19.e5 dxe5 20.Bxe5 Nbd7 21.Bg3 Nb6 22.Nc7 Nxc4
23.Nxc4 Be6 24.Na5 Qa4 25.Rb5 Qxa2 26.O-O Nd5 27.Rf2 Qa3 28.Qe1 Nxc7 29.Bxc7 c4
30.Re5 Bf6 31.Rxe6 fxe6 32.Nxc4 Qa6 33.Nd2 Rac8 34.Bf4 d3 35.Qe4 Qa1+ 36.Nf1 Bd4
37.Qxe6+ Kh8 38.Be3 Bxe3 39.Qxe3 Rfd8 40.Rd2 Rc1  0-1

[Event "ch-CUB Open"]
[Site "Santa Clara CUB"]
[Date "2007.01.15"]
[Round "6"]
[White "Corrales,Fi"]
[Black "De la Paz,F"]
[Result "0-1"]
[WhiteElo "2507"]
[BlackElo "2433"]

1.d4 Nf6 2.Bg5 Ne4 3.Bf4 d5 4.f3 Nf6 5.Nc3 c5 6.e3 e6 7.a3 a6 8.g4 Nc6 9.Qd2 b5
10.h4 Qa5 11.Nce2 Qb6 12.g5 Nh5 13.Bh2 g6 14.c3 cxd4 15.exd4 Na5 16.Qd3 Bd6
17.Bh3 Nc4 18.Rb1 Bxh2 19.Rxh2 Qd6 20.Rg2 O-O 21.Bg4 e5 22.dxe5 Nxe5 23.Qd4 Ng7
24.Rd1 Bf5 25.Bxf5 Nxf5 26.Qf4 Rae8 27.Rf2 Nd3+  0-1

[Event "75th Ambelokipi Open"]
[Site "Athens GRE"]
[Date "2007.01.17"]
[Round "2"]
[White "Karountzos,N"]
[Black "Draci,R"]
[Result "1/2-1/2"]
[WhiteElo "1937"]
[BlackElo "2201"]

1.d4 Nf6 2.Bg5 Ne4 3.Bf4 g6 4.f3 Nf6 5.e4 Bg7 6.Qd2 h5 7.Nc3 d6 8.Bd3 Nfd7
9.Nge2 Nc6 10.Bb5 a6 11.Ba4 b5 12.Bb3 Na5 13.O-O-O Bb7 14.Rhe1 Nb6 15.Bg5 Nbc4
16.Bxc4 Nxc4 17.Qd3 f6 18.e5 fxg5 19.Qxg6+ Kf8 20.Qf5+ Kg8 21.Qe6+ Kh7 22.Qf5+ Kh6
23.Qe6+ Kh7 24.Qf5+ Kg8 25.Qe6+ Kf8 26.Qf5+ Bf6 27.exf6 exf6 28.Ng3 h4 29.Nge4 Kg7
30.Nc5 Bc8 31.Ne6+ Bxe6 32.Rxe6 Re8 33.Rde1 Rxe6 34.Rxe6 Qf8 35.Nd5 Re8 36.Rxe8 Qxe8
37.Qxf6+ Kh7 38.Ne7 Ne3 39.Qxg5 Nxg2 40.Qf5+ Kg7 41.Qg5+ Kf7 42.Qg6+ Kxe7
43.Qxg2 Qh8 44.Qg5+ Kd7  1/2-1/2

[Event "TCh-AUT 2006-7"]
[Site "Leoben AUT"]
[Date "2007.01.18"]
[Round "4"]
[White "Kreindl,H"]
[Black "Babula,V"]
[Result "0-1"]
[WhiteElo "2205"]
[BlackElo "2584"]

1.d4 Nf6 2.Bg5 Ne4 3.Bf4 d5 4.e3 e6 5.Nd2 Nd7 6.Ngf3 Bd6 7.Bxd6 cxd6 8.c4 O-O
9.cxd5 exd5 10.Nxe4 dxe4 11.Nd2 Re8 12.Be2 Qg5 13.O-O Nf6 14.Re1 h5 15.Rc1 h4
16.Kh1 Bd7 17.Qb3 Bc6 18.Qa3 Re6 19.Nc4 h3 20.g3 Ng4 21.Kg1 Rf6 22.Rf1 Bb5
23.Qb3 Rc8 24.Qd1 Bd7 25.Nd2 Rxc1 26.Qxc1 Nxf2 27.Qc3 Nd3 28.Bxd3 Qxe3+ 29.Kh1 exd3  0-1

[Event "ch-EST"]
[Site "Tallinn EST"]
[Date "2007.01.21"]
[Round "3"]
[White "Kunitson,N"]
[Black "Seeman,T"]
[Result "0-1"]
[WhiteElo "2104"]
[BlackElo "2425"]

1.d4 Nf6 2.Bg5 Ne4 3.Bf4 d6 4.Nd2 Nf6 5.e3 g6 6.h3 Bg7 7.Ngf3 O-O 8.Be2 Nbd7
9.O-O c5 10.c3 b6 11.Bh2 Bb7 12.Bd3 Qc7 13.Qe2 Rad8 14.e4 e5 15.dxe5 dxe5
16.Rad1 Nh5 17.Bc4 Nf4 18.Bxf4 exf4 19.Bd5 Bc8 20.Bc4 Bb7 21.Bd5 Bc8 22.Bc4 Rfe8
23.Ba6 Bxa6 24.Qxa6 Ne5 25.Nxe5 Rxe5 26.Qc4 Qc6 27.Qe2 Re7 28.Rde1 b5 29.Rc1 c4
30.a4 bxa4 31.Rfe1 a3 32.Nxc4 axb2 33.Nxb2 a5 34.Qc2 Red7 35.Qa4 Qc5 36.Nc4 Rc7
37.Na3 Rd2 38.Rf1 f3 39.Qb5 Ra2 40.Qxc5 Rxc5 41.Nb1 Rg5 42.g3 Re5 43.c4 Rxe4
44.Nc3 Bxc3 45.Rxc3 Re6 46.Rxf3 Rc6 47.Rc1 Rc5 48.Rfc3 Kg7 49.R3c2 Rxc2 50.Rxc2 Kf6
51.Rd2 Ke6 52.Rd4 a4 53.Rd8 Ra5 54.Rd1 a3 55.Kf1 a2 56.Ra1 Ke5 57.c5 Kd5
58.Ke2 Kxc5 59.Kd3 Kb4 60.Kc2 Ka3  0-1

[Event "Open"]
[Site "Marianske Lazne CZE"]
[Date "2007.01.22"]
[Round "3"]
[White "Karhanek,P"]
[Black "Wieczorek,O"]
[Result "1/2-1/2"]
[WhiteElo "2256"]
[BlackElo "2079"]

1.d4 Nf6 2.Bg5 Ne4 3.Bf4 c5 4.f3 Qa5+ 5.c3 Nf6 6.Nd2 cxd4 7.Nb3 Qb6 8.Qxd4 Nc6
9.Qxb6 axb6 10.Nd4 e5 11.Nxc6 exf4 12.Nd4 d5 13.g3 Bd6 14.Kf2 O-O 15.Bh3 Re8
16.Bxc8 Raxc8 17.gxf4 Bxf4 18.Rd1 Re5 19.Nc2 Rce8 20.Rd3 Rh5 21.h3 Bg5 22.e3 Bh4+
23.Kf1 Rf5 24.Nd4 Rfe5 25.Nc2 Rf5 26.Nd4 Rfe5 27.Nc2 Rf5  1/2-1/2

[Event "Open"]
[Site "Geneve SUI"]
[Date "2007.01.23"]
[Round "4"]
[White "Mensch,E"]
[Black "Bonneville,J"]
[Result "1-0"]
[WhiteElo "2312"]
[BlackElo "2047"]

1.d4 Nf6 2.Bg5 Ne4 3.Bf4 c5 4.d5 Qa5+ 5.c3 Qb6 6.Bc1 e6 7.f3 Nf6 8.c4 exd5
9.cxd5 c4 10.e3 Bc5 11.Kf2 O-O 12.Bxc4 Re8 13.Qb3 Qd8 14.Nc3 d6 15.Nge2 a6
16.a4 Nbd7 17.Ng3 Rb8 18.Re1 Ne5 19.Be2 Bd7 20.Kg1 b5 21.axb5 axb5 22.Kh1 Nc4
23.Bxc4 bxc4 24.Qxc4 Rb4 25.Qd3 Rd4 26.Qf1 Rb4 27.Nce4 Nxd5 28.Nxc5 dxc5
29.e4 Nb6 30.Qf2 Qc7 31.Nh5 Qe5 32.Qh4 f5 33.Bd2 Rxb2 34.Bf4 Qe7 35.Qg3 Kh8
36.exf5 Re2 37.Rxe2  1-0

[Event "FINEC WGM"]
[Site "St Petersburg RUS"]
[Date "2007.01.25"]
[Round "1"]
[White "Eidelson,R"]
[Black "Kostiuk,T"]
[Result "1/2-1/2"]
[WhiteElo "2181"]
[BlackElo "2224"]

1.d4 Nf6 2.Bg5 Ne4 3.Bh4 c5 4.f3 g5 5.fxe4 gxh4 6.e3 Bh6 7.Kf2 Qb6 8.Nc3 Nc6
9.Na4 Qa5 10.Nxc5 d6 11.Nb3 Qg5 12.Qd2 Qg4 13.Nf3 Qxe4 14.Bd3 Qg4 15.g3 h3
16.d5 Ne5 17.Bb5+ Bd7 18.Nxe5 Qf5+ 19.Nf3 Bxb5 20.Rad1 Rc8 21.c3 Rg8 22.Nc1 Rg6
23.Ne2 Bxe2 24.Qxe2 Rf6 25.Rhe1 Kf8 26.Rd4 Kg8 27.Rf1 e5 28.dxe6 Rxe6 29.e4 Rce8
30.Re1 Qg6 31.Nh4 Qf6+ 32.Kg1 Bg7 33.Rf1 Qg5 34.Rb4 b6 35.Rf5 Qc1+ 36.Rf1 Qg5
37.Rf5 Qc1+ 38.Rf1  1/2-1/2

[Event "ch-Kyiv"]
[Site "Kyiv UKR"]
[Date "2007.01.26"]
[Round "7"]
[White "Perun,S"]
[Black "Golichenko,I"]
[Result "1/2-1/2"]
[WhiteElo "2357"]
[BlackElo "2300"]

1.d4 Nf6 2.Bg5 Ne4 3.Bf4 d5 4.Nd2 c5 5.Nxe4 dxe4 6.dxc5 Qa5+ 7.c3 Qxc5 8.Qa4+ Qc6
9.Qxc6+ Nxc6 10.e3 e5 11.Bg3 Bd6 12.Bc4 h5 13.h4 Ke7 14.Ne2 Be6 15.Bxe6 Kxe6
16.O-O-O Rac8 17.Kb1 Rhd8 18.Rd2 Bc5 19.Rhd1 Rxd2 20.Rxd2 Ne7 21.b4 Bb6 22.Kb2 Nf5
23.Kb3 Bd8 24.c4 Bxh4 25.Bxh4 Nxh4 26.Ng3 f5 27.Nxh5 g6 28.Ng3 Nxg2 29.c5 Rc6
30.Kc4 a6 31.a4 b6 32.Rd8 bxc5 33.bxc5 Ne1 34.Re8+ Kf7 35.Rxe5 Nd3 36.Rd5 Nxf2
37.Ne2 Ng4 38.Kd4 Nf6 39.Rd6 Rxd6+ 40.cxd6 Ke6 41.Nf4+ Kxd6 42.Nxg6 Nd5 43.Nh4 Ne7
44.Kc4 Ke5 45.Kc5 Nd5 46.Nxf5 Nc3 47.Ng3  1/2-1/2

[Event "12th HIT Open A"]
[Site "Nova Gorica SLO"]
[Date "2007.01.26"]
[Round "1"]
[White "Doric,D"]
[Black "Kokol,P"]
[Result "1-0"]
[WhiteElo "2474"]
[BlackElo "2199"]

1.d4 Nf6 2.Bg5 Ne4 3.Bf4 c5 4.f3 Qa5+ 5.c3 Nf6 6.Nd2 cxd4 7.Nb3 Qb6 8.Qxd4 Qxd4
9.cxd4 d5 10.Rc1 Nc6 11.e3 e6 12.g4 Bb4+ 13.Kf2 O-O 14.a3 Be7 15.Bb5 Bd7
16.Nc5 Bxc5 17.Rxc5 Rfc8 18.Bd3 b6 19.Rc1 Na5 20.Ne2 Nc4 21.Bxc4 Rxc4 22.Rxc4 dxc4
23.e4 Ne8 24.h4 f6 25.g5 Kf7 26.h5 a5 27.h6 g6 28.gxf6 Nxf6 29.Rg1 Bc6 30.Ke3 b5
31.Bd6 Rd8 32.Bc7 Ra8 33.Rg5 Ng8 34.Rc5 Bd7 35.Bf4 Rc8 36.Re5 Ra8 37.Rc5 Rc8
38.Rxc8 Bxc8 39.Bc7 Nxh6 40.Bxa5 g5 41.d5 e5 42.Bd8 Kg6 43.d6 Nf7 44.Be7 h5
45.Nc3 g4 46.fxg4 hxg4 47.Nd5 g3 48.Kf3 Bb7 49.d7 Bxd5 50.exd5 Kg7 51.d8=Q Nxd8
52.Bxd8 e4+ 53.Kxg3 Kf7 54.d6 Ke6 55.Kf4 Kxd6 56.Bf6 Kc5 57.Kxe4  1-0

[Event "Open"]
[Site "Moscow RUS"]
[Date "2007.01.30"]
[Round "4"]
[White "Prokopchuk,Y"]
[Black "Babushkin,E"]
[Result "0-1"]
[WhiteElo "2316"]
[BlackElo "2170"]

1.d4 Nf6 2.Bg5 Ne4 3.Bf4 c5 4.f3 Qa5+ 5.c3 Nf6 6.Nd2 cxd4 7.Nb3 Qd8 8.cxd4 d5
9.e3 Nc6 10.Bd3 e6 11.Ne2 Nh5 12.Bg3 Nxg3 13.hxg3 h6 14.Rc1 Bd6 15.f4 O-O
16.Bb1 f5 17.Kf2 Na5 18.Nxa5 Qxa5 19.g4 Bd7 20.gxf5 exf5 21.Nc3 Rae8 22.Qb3 Be6
23.Rh5 Rf7 24.g4 fxg4 25.Bg6 Qc7 26.Ne2 Qe7 27.Ke1 g3 28.Kd2 Bg4 29.Bxf7+ Qxf7
30.Rhh1 Bxe2 31.Kxe2 Bxf4 32.Rc3 Bxe3 33.Kd1 Qf3+ 34.Kc2 Qg2+  0-1

[Event "Gibtelecom Masters"]
[Site "Catalan Bay ENG"]
[Date "2007.02.01"]
[Round "9"]
[White "Yarur Elsaca,D"]
[Black "Solaroli,R"]
[Result "1-0"]
[WhiteElo "1913"]
[BlackElo "1960"]

1.d4 Nf6 2.Bg5 Ne4 3.Bf4 c5 4.f3 Qa5+ 5.c3 Nf6 6.Nd2 cxd4 7.Nb3 Qb6 8.Qxd4 Nc6
9.Qxb6 axb6 10.e4 e5 11.Be3 d5 12.Bd3 Be6 13.Bc2 dxe4 14.Bxb6 Nd5 15.Bc5 exf3
16.Nxf3 Bxc5 17.Nxc5 Ne3 18.Ba4 Rxa4 19.Nxa4 Nc2+ 20.Kf2 Nxa1 21.Rxa1 e4
22.Ng5 Bf5 23.Nc5 Ne5 24.Ke3 Nd3 25.Ncxe4 Bxe4 26.Nxe4 Nxb2 27.Nd6+ Ke7 28.Nxb7 Rb8
29.Nc5 Rd8 30.Ke2 Rd5 31.Nb3 Re5+ 32.Kf3 Nc4 33.Kf2 Rf5+ 34.Kg1 Re5 35.Nd4 Kd6
36.a4 Ra5 37.Nb3 Ra7 38.Nd4 Kc5 39.Nb3+ Kb6 40.Kf2 Na5 41.Nd4 Rd7 42.Rb1+ Ka6
43.Rb4 Rc7 44.Nb5 Rc4 45.Ke3 Rxb4 46.cxb4 Nc6 47.Nc7+ Kb7 48.Nd5 f5 49.b5 Nd8
50.Kf4 g6 51.Ke5 Nf7+ 52.Kf6  1-0

[Event "39th Giorgi Tringov"]
[Site "Plovdiv BUL"]
[Date "2007.02.05"]
[Round "1"]
[White "Rusev,K"]
[Black "Vlashki,N"]
[Result "1-0"]
[WhiteElo "2453"]
[BlackElo "1923"]

1.d4 Nf6 2.Bg5 Ne4 3.Bf4 e6 4.e3 d5 5.Bd3 c5 6.Bxe4 dxe4 7.Nc3 Nc6 8.d5 Nb4
9.d6 Qa5 10.Nge2 Bd7 11.O-O Bc6 12.a3 Na6 13.Qd2 O-O-O 14.b4 cxb4 15.axb4 Qxb4
16.Rfb1 Qc4 17.Qd4 Qxd4 18.Nxd4 Nb8 19.d7+ Rxd7 20.Rxa7 Bd6 21.Bxd6 Rxd6
22.Nxc6 Rxc6 23.Raxb7 Nd7 24.Nxe4 f5 25.Ng5 h6 26.Nf3 Re8 27.Nd4 Ra6 28.R7b3 Kd8
29.h3 Ke7 30.Rb7 Rc8 31.Nb5 Rb6 32.Rxb6 Nxb6 33.Na7 Rc7 34.Rxb6 Rxa7 35.Kf1 Rc7
36.Rb2 e5 37.Ke2 e4 38.f3 Kf6 39.fxe4 fxe4 40.Kd2 Rd7+ 41.Kc3 Rd1 42.Rb4 Ke5
43.Rb5+ Kf6 44.g4 Ke6 45.Rb4 Ke5 46.Rb7 Kf6 47.Rb4 Rh1 48.Kd4 Rxh3 49.Kxe4  1-0

[Event "TCh-FIN 2006-7"]
[Site "Tampere FIN"]
[Date "2007.02.10"]
[Round "7"]
[White "Karttunen,M"]
[Black "Westerinen,H"]
[Result "1-0"]
[WhiteElo "2444"]
[BlackElo "2402"]

1.d4 Nf6 2.Bg5 Ne4 3.Bf4 c5 4.f3 Qa5+ 5.c3 Nf6 6.Nd2 cxd4 7.Nb3 Qf5 8.Bxb8 Rxb8
9.Qxd4 b6 10.e4 Qe6 11.Bc4 d5 12.O-O-O Bd7 13.Bxd5 Nxd5 14.exd5 Qf6 15.f4 Qxd4
16.Nxd4 g6 17.Ngf3 Bh6 18.g3 f6 19.Rhe1 Kf7 20.Ne6 Rhc8 21.Nfd4 b5 22.Nc6 Rb6
23.Ng5+ fxg5 24.Rxe7+ Kg8 25.Rxd7 Rf8 26.fxg5 Bxg5+ 27.Kb1 a5 28.h4 Be3 29.Re1 Rf3
30.Rd8+ Kg7 31.Re8 Bc5 32.b4 axb4 33.cxb4 Bd6 34.g4 Rd3 35.Rd8 Rxd5 36.Rd7+ Kf8
37.Rf1+ Kg8 38.Ne7+ Bxe7 39.Rxd5 Bxh4 40.g5 Rb7 41.Rh1 Bg3 42.Rhd1 Bf4 43.Rd8+ Kf7
44.Rf1 Ke7 45.Rh8  1-0

[Event "Aeroflot Open"]
[Site "Moscow RUS"]
[Date "2007.02.20"]
[Round "7"]
[White "Movsesian,S"]
[Black "Dyachkov,S"]
[Result "1-0"]
[WhiteElo "2637"]
[BlackElo "2554"]

1.d4 Nf6 2.Bg5 Ne4 3.Bf4 c5 4.f3 Qa5+ 5.c3 Nf6 6.d5 d6 7.e4 g6 8.Nd2 Bg7
9.Bd3 O-O 10.Ne2 Qd8 11.Qc2 e6 12.c4 Na6 13.a3 Nh5 14.Be3 exd5 15.cxd5 Nc7
16.a4 Qe7 17.Nc4 f5 18.O-O b6 19.Bd2 fxe4 20.Bxe4 Ba6 21.Rae1 Rae8 22.b3 Qd7
23.Kh1 Re7 24.Qd3 Ne8 25.Bg5 Ref7 26.Nc3 Nf4 27.Qd2 Nc7 28.Nd1 b5 29.axb5 Nxb5
30.Nde3 Nd4 31.Qa2 Bb7 32.Rf2 Nh5 33.Ng4 Re8 34.Ref1 Rff8 35.Qb1 Nf6 36.Nxf6+ Bxf6
37.Bf4 Nb5 38.Qc1 Bd4 39.Rc2 Rf7 40.Bg3 Bg7 41.Re1 Bf8 42.Rce2 Rb8 43.Rb2 Qd8
44.Ra2 Qf6 45.Qd2 Re8 46.Raa1 Bc8 47.h3 Bg7 48.Ra5 Nd4 49.Nxd6 Nxb3 50.Nxe8 Qd8
51.Qa2 Nxa5 52.Nd6  1-0

[Event "14th Belisce Metalis Open"]
[Site "Bizovac CRO"]
[Date "2007.02.22"]
[Round "2"]
[White "Cebalo,M"]
[Black "Aleksic,R"]
[Result "1-0"]
[WhiteElo "2471"]
[BlackElo "2169"]

1.d4 Nf6 2.Bg5 Ne4 3.Bf4 d5 4.e3 e6 5.Bd3 Nf6 6.Nf3 Bd6 7.Bg3 Nc6 8.c4 dxc4
9.Bxc4 Qe7 10.Nc3 Bxg3 11.hxg3 Bd7 12.Qc2 O-O-O 13.Rc1 Kb8 14.a3 Be8 15.b4 h6
16.O-O g5 17.Rfd1 g4 18.Nh4 Nh7 19.Be2 h5 20.Ne4 f5 21.Nc5 Rd6 22.b5 Nd8
23.d5 Rxd5 24.Rxd5 exd5 25.Nxf5 Qf7 26.Nd6 Qe7 27.Ndxb7  1-0

[Event "TCh-BEL 2006-7"]
[Site "Belgium BEL"]
[Date "2007.02.25"]
[Round "9"]
[White "Winants,L"]
[Black "Decoster,F"]
[Result "1-0"]
[WhiteElo "2516"]
[BlackElo "2168"]

1.d4 Nf6 2.Bg5 Ne4 3.Bf4 c5 4.d5 Qb6 5.Nd2 Qxb2 6.Nxe4 Qb4+ 7.Qd2 Qxe4 8.e3 Qb4
9.c3 Qa5 10.d6 Nc6 11.Nf3 g6 12.e4 Bg7 13.Rc1 e6 14.Bh6 O-O 15.h4 f6 16.Bxg7 Kxg7
17.h5 g5 18.e5 Qd8 19.exf6+ Qxf6 20.Nxg5 Qf4 21.h6+ Kh8 22.Qxf4 Rxf4 23.g3 Rf5
24.f4 Ne5 25.Rd1 Ng6 26.Bd3 Rf6 27.Bxg6 hxg6 28.Nf3 b5 29.Ne5 Kh7 30.Ke2 Rf5
31.Ke3 Bb7 32.Rh2 Rd8 33.g4 Rff8 34.a4 a6 35.axb5 axb5 36.Ra1 Ra8 37.Rxa8 Rxa8
38.Nxd7 Rd8 39.Nf6+ Kh8 40.Ra2 Rxd6 41.Ra7 e5 42.fxe5  1-0

[Event "Interclubes Paulista"]
[Site "Sao Paulo BRA"]
[Date "2007.02.25"]
[Round "2"]
[White "Rabinovich,Al"]
[Black "Aranha Filho,A"]
[Result "1/2-1/2"]
[WhiteElo "2423"]
[BlackElo "2289"]

1.d4 Nf6 2.Bg5 Ne4 3.Bf4 d5 4.e3 Bf5 5.f3 Nf6 6.g4 Bg6 7.h4 h5 8.g5 Nfd7
9.Nc3 c6 10.Bd3 Bxd3 11.Qxd3 g6 12.e4 Nb6 13.Be5 Rg8 14.Nge2 Nc4 15.exd5 cxd5
16.Bxb8 Rxb8 17.b3 Nb6 18.a4 a6 19.f4 e6 20.f5 exf5 21.a5 Na8 22.Qe3+ Be7
23.Nf4 Nc7 24.O-O Kf8 25.Rf3 Ne8 26.Re1  1/2-1/2

[Event "2nd Trophee Universitaire"]
[Site "La Roche sur Yon FRA"]
[Date "2007.03.01"]
[Round "4"]
[White "Stefanova,A"]
[Black "Cornette,M"]
[Result "0-1"]
[WhiteElo "2483"]
[BlackElo "2482"]

1.d4 Nf6 2.Bg5 Ne4 3.Bf4 d5 4.e3 c5 5.Bd3 Nf6 6.dxc5 Nc6 7.Bb5 Qa5+ 8.Nc3 a6
9.Bxc6+ bxc6 10.Qd4 e6 11.b4 Qa3 12.Nge2 a5 13.Rb1 axb4 14.Rxb4 Nd7 15.Ra4 Rxa4
16.Qxa4 Qxa4 17.Nxa4 Nxc5 18.Nb6 Ba6 19.f3 Nd7 20.Nxd7 Kxd7 21.Kd2 f6 22.Bg3 e5
23.f4 Bb4+ 24.c3 Bd6 25.fxe5 fxe5 26.Rb1 Ra8 27.a4 Ke6 28.Rb6 Bc4 29.Rxc6 Kd7
30.Rb6 Rxa4 31.Nc1 Ra1 32.Kc2 Bc5 33.Rb1 Rxb1 34.Kxb1 Ke6 35.Bf2 Bd6 36.Kc2 Bf1
37.g3 Kf5 38.Nb3 e4 39.Kd2 Kg4 40.Ke1 Bc4 41.Nd4 Kh3 42.Ne6 Be5 43.Kd2 h6  0-1

[Event "4NCL 2006-07"]
[Site "Wokefield Park ENG"]
[Date "2007.03.03"]
[Round "7"]
[White "Walton,A"]
[Black "Tasker,M"]
[Result "1/2-1/2"]
[WhiteElo "2235"]
[BlackElo "2065"]

1.d4 Nf6 2.Bg5 Ne4 3.Bf4 c5 4.f3 Qa5+ 5.c3 Nf6 6.d5 e6 7.e4 exd5 8.exd5 d6
9.Nd2 Be7 10.Nb3 Qa4 11.g3 O-O 12.Kf2 Re8 13.Ne2 b6 14.Rc1 Qc4 15.Bg5 Bb7
16.Nf4 Qa4 17.Bxf6 Bxf6 18.Qc2 Bg5 19.c4 Nd7 20.h4 Bxf4 21.gxf4 Nf6 22.Rg1 Qd7
23.Bd3 Qe7 24.Rce1 Qf8 25.Nd2 Rxe1 26.Rxe1 Re8 27.Ne4 Nxe4+ 28.fxe4 Qe7 29.Kg3 Qf6
30.Qf2 Qg6+ 31.Kh2 a6 32.a3 Bc8 33.b4 Bd7 34.bxc5 bxc5 35.Rb1 f5 36.e5 dxe5
37.fxe5 Rxe5 38.Qxc5 Qf6 39.Rb8+ Be8 40.Qf2 Qd6 41.Rb6 Qd8 42.Rb2 g6 43.Qf4 Qd6
44.Rg2 Rxd5 45.Qxd6 Rxd6 46.Bxf5 Rd4  1/2-1/2

[Event "ch-SRB"]
[Site "Vrsac SRB"]
[Date "2007.03.04"]
[Round "1"]
[White "Miladinovic,I"]
[Black "Damljanovic,B"]
[Result "1-0"]
[WhiteElo "2607"]
[BlackElo "2590"]

1.d4 Nf6 2.Bg5 Ne4 3.Bf4 d6 4.Nd2 Nxd2 5.Qxd2 Nd7 6.O-O-O c5 7.e3 a6 8.Nf3 h6
9.Bg3 Qc7 10.e4 cxd4 11.e5 dxe5 12.Re1 e6 13.Nxe5 Nxe5 14.Bxe5 Bd6 15.Qxd4 Bxe5
16.Rxe5 Bd7 17.Rc5 Bc6 18.Qxg7 Qf4+ 19.Kb1 Ke7 20.Qc3 Rhd8 21.Bd3 Qxf2 22.Qb4 Ke8
23.a3 Qd4 24.Rc4 Qd6 25.Qd2 Ke7 26.Qxh6 Rg8 27.Rf1 Qe5 28.Rcf4 Raf8 29.Qh4+ Ke8
30.Re1 Qg5 31.Qf2 Qxg2 32.Qb6 Rg4 33.Rxg4 Qxg4 34.Bxa6 Qf3 35.Be2 Qf6 36.Rd1 Rh8
37.Qc7 Kf8 38.Rd8+ Kg7 39.Qg3+ Qg6 40.Qe5+ f6 41.Qc7+  1-0

[Event "Mediterranean Flower WGM"]
[Site "Rijeka CRO"]
[Date "2007.03.05"]
[Round "3"]
[White "Berke,A"]
[Black "Franciskovic,B"]
[Result "0-1"]
[WhiteElo "2096"]
[BlackElo "2189"]

1.d4 Nf6 2.Bg5 Ne4 3.Bf4 d5 4.Nd2 Bf5 5.Nxe4 Bxe4 6.Nf3 e6 7.e3 Bd6 8.Bxd6 Qxd6
9.a3 c5 10.Bd3 Bxf3 11.Bb5+ Nc6 12.Qxf3 O-O 13.Bxc6 Qxc6 14.c3 cxd4 15.cxd4 Qc2
16.Qe2 Rac8 17.Qxc2 Rxc2 18.Rb1 Rfc8 19.O-O h5 20.h4 a5 21.Rfd1 Re2 22.Re1 Rxe1+
23.Rxe1 Rc2 24.Rb1 Kf8 25.a4 Rc4 26.b3 Rb4 27.Kf1 e5 28.dxe5 Rxh4 29.Ke2 Rb4
30.f4 Ke7 31.Kd3 g5 32.fxg5 Ke6 33.Kc3 Re4 34.Kd3 Rxe5 35.b4 b6 36.bxa5 bxa5
37.Rb5 Rxg5 38.Rxa5 Rxg2 39.e4 Rg3+ 40.Kd4 dxe4 41.Kxe4 Rg4+ 42.Kf3 f5 43.Ra6+ Ke5
44.Rh6 Rxa4 45.Rxh5 Ra3+ 46.Kf2 Ke4 47.Kf1 Kf4 48.Rh7 Ra1+ 49.Kf2 Ra2+ 50.Kf1 Kg3
51.Rb7 f4 52.Rb1 f3 53.Rc1 Rh2  0-1

[Event "FSGM March"]
[Site "Budapest HUN"]
[Date "2007.03.06"]
[Round "4"]
[White "Hoang Thanh Trang"]
[Black "Boros,De"]
[Result "1-0"]
[WhiteElo "2470"]
[BlackElo "2502"]

1.d4 Nf6 2.Bg5 Ne4 3.Bf4 d5 4.e3 c5 5.Bd3 Nf6 6.dxc5 Nc6 7.Nc3 e5 8.Bg5 Be6
9.Na4 h6 10.Bh4 g5 11.Bg3 Nd7 12.c3 Nxc5 13.Nxc5 Bxc5 14.h4 Qf6 15.Qa4 g4
16.Ba6 Bc8 17.O-O-O Qe6 18.Be2 a6 19.Qb3 Ne7 20.e4 f5 21.exd5 Qd6 22.h5 b5
23.Bd3 Bb7 24.Qc2 Rf8 25.Qe2 Nxd5 26.Bxe5 Qe7 27.Bg3 O-O-O 28.Bh4 Qxe2 29.Nxe2 Rd7
30.Bc2 Rdf7 31.Bb3 Rd7 32.Nd4 Bb6 33.Rhe1 Ba7 34.Bc2 Rdf7 35.Re5 Bb8 36.Bxf5+ Rxf5
37.Rxf5 Bf4+ 38.Kc2 Re8 39.g3 Bc7 40.Kd2 b4 41.c4 Nb6 42.b3 Nd7 43.Re1 Rh8
44.Rf7 Bb6 45.Nf5 Bc5 46.Be7 Bf3 47.Bxc5 Nxc5 48.Nd6+ Kd8 49.Rxf3  1-0

[Event "TCh-AUT 2006-7"]
[Site "Mattersburg AUT"]
[Date "2007.03.09"]
[Round "9"]
[White "Loeffler,S"]
[Black "Babula,V"]
[Result "0-1"]
[WhiteElo "2448"]
[BlackElo "2584"]

1.d4 Nf6 2.Bg5 Ne4 3.Bf4 d5 4.e3 Bf5 5.f3 Nf6 6.c4 e6 7.Nc3 c6 8.Qb3 b6 9.g4 Bg6
10.h4 h6 11.Nh3 Be7 12.O-O-O Nbd7 13.cxd5 Nxd5 14.e4 Nxc3 15.Qxc3 Bxh4 16.Ba6 O-O
17.Qxc6 Qe8 18.Bb7 Rd8 19.g5 e5 20.dxe5 Nxe5 21.Rxd8 Qxc6+ 22.Bxc6 Rxd8 23.Bxe5 Rc8
24.gxh6 Rxc6+ 25.Kd2 gxh6 26.Nf4 Bg5 27.Kd3 Bh7 28.Nh5 f5 29.f4 fxe4+ 30.Kd4 Be7
31.Kd5 Rc5+ 32.Ke6 Kf8 33.Rg1 e3 34.Bg7+ Ke8 35.Nf6+ Bxf6 36.Bxf6 Rc6+ 37.Ke5 e2
38.Bh4 Kf7 39.Re1 Re6+ 40.Kd5 Bf5 41.Bf2 Bg4 42.Bd4 Kg6 43.Be5 Kf5 44.Kd4 h5
45.Ke3 h4 46.Kf2 Re7 47.Rh1 h3 48.Kg3 Rd7 49.Re1 Rd1  0-1

[Event "TCh-NOR 2006-7"]
[Site "Oslo NOR"]
[Date "2007.03.09"]
[Round "7"]
[White "Richter,Mic"]
[Black "Elsness,F"]
[Result "0-1"]
[WhiteElo "2396"]
[BlackElo "2432"]

1.d4 Nf6 2.Bg5 Ne4 3.Bf4 c5 4.d5 Qb6 5.Bc1 c4 6.e3 Qa5+ 7.c3 b5 8.Qd4 Nf6
9.e4 e6 10.Nf3 Bb7 11.Bg5 Be7 12.Nbd2 exd5 13.exd5 O-O 14.Be2 Nxd5 15.Bxe7 Nxe7
16.Qc5 Nbc6 17.a4 a6 18.O-O d5 19.b4 Qc7 20.axb5 axb5 21.Qxb5 Na7 22.Qa5 Qd7
23.Qb6 Nec8 24.Qc5 Nb5 25.Rxa8 Bxa8 26.Ne5 Qe8 27.Qe3 Ncd6 28.Rc1 f6 29.Nef3 Qd7
30.Qb6 Bc6 31.Nd4 Nxd4 32.Qxd4 Nb5 33.Qc5 Qd6 34.Qxd6 Nxd6 35.Nf3 Nb5 36.Kf1 Ra8
37.Nd4 Nxd4 38.cxd4 Ra2 39.Rb1 Rd2 40.b5 Bb7 41.Ke1 Ra2 42.f4 Kf7 43.b6 Ke6
44.Rb5 Kd6 45.Bf3 g5 46.fxg5 fxg5 47.h3 h6 48.Kd1 Ra3 49.Kc2 Rd3 50.Bxd5 Bxd5
51.b7 Bxb7 52.Rxb7 Rg3 53.Rb5 Rxg2+ 54.Kc3 Rg3+ 55.Kxc4 Rxh3 56.Rb6+ Ke7
57.Kd5 h5 58.Ke5 Re3+ 59.Kf5 g4 60.Rh6 Rh3 61.d5 g3  0-1